Huggly goes to school. (Record no. 113525)
[ view plain ]
| 000 -LEADER | |
|---|---|
| fixed length control field | 00275nam a2200121 a 4500 |
| 001 - CONTROL NUMBER | |
| control field | 4140 |
| 005 - DATE AND TIME OF LATEST TRANSACTION | |
| control field | 20140414132024.0 |
| 008 - FIXED-LENGTH DATA ELEMENTS--GENERAL INFORMATION | |
| fixed length control field | 090218s19uu xx 00 eng d |
| 050 ## - LIBRARY OF CONGRESS CALL NUMBER | |
| Classification number | TR |
| Item number | H87 2000 |
| 100 ## - MAIN ENTRY--PERSONAL NAME | |
| Personal name | Arnold, Tedd |
| 245 ## - TITLE STATEMENT | |
| Title | Huggly goes to school. |
| Withdrawn status | Lost status | Damaged status | Home library | Current library | Shelving location | Date acquired | Source of acquisition | Total Checkouts | Full call number | Barcode | Date last seen | Price effective from | Koha item type |
|---|---|---|---|---|---|---|---|---|---|---|---|---|---|
| Munich Library | Munich Library | Teachers Reference Section | 03/04/2009 | TR H87 2000 | M5105 | 04/14/2014 | 04/14/2014 | Books |